书目信息 |
| 题名: |
大学生写作能力教程
|
|
| 作者: | 王香平 编著 | |
| 分册: | ||
| 出版信息: | 广州 中山大学出版社 2007.08 |
|
| 页数: | 257页 | |
| 开本: | 24cm | |
| 丛书名: | ||
| 单 册: | ||
| 中图分类: | H15 | |
| 科图分类: | ||
| 主题词: | 汉语--han yu--写作--高等学校--教材 | |
| 电子资源: | ||
| ISBN: | 978-7-306-02896-9 | |
| 000 | 00810nam0 2200241 450 | |
| 001 | 012008305699 | |
| 005 | 20080430111908.25 | |
| 010 | @a978-7-306-02896-9@dCNY28.00 | |
| 100 | @a20080429d2007 em y0chiy0120 ea | |
| 101 | 0 | @achi |
| 102 | @aCN@b440000 | |
| 105 | @ay a 000yy | |
| 106 | @ar | |
| 200 | 1 | @a大学生写作能力教程@Ada xue sheng xie zuo neng li jiao cheng@f王香平编著@Fwang xiang ping bian zhu |
| 210 | @a广州@c中山大学出版社@d2007.08 | |
| 215 | @a257页@d24cm | |
| 320 | @a有书目 (第255页) | |
| 330 | @a本教材从大学生写作能力的培养训练入手,着眼于学生写作能力的提高,着力于创新思维开发和中国文化素养的提升。 | |
| 606 | 0 | @a汉语@Ahan yu@x写作@x高等学校@j教材 |
| 690 | @aH15@v4 | |
| 701 | 0 | @a王香平@Awang xiang ping@4编著 |
| 801 | 0 | @aCN@bQSSK@c20080430 |
| 905 | @b299205-07@dH15@eW384@f3 | |
| 大学生写作能力教程/王香平编著.-广州:中山大学出版社,2007.08 |
| 257页;24cm |
| ISBN 978-7-306-02896-9:CNY28.00 |
| 本教材从大学生写作能力的培养训练入手,着眼于学生写作能力的提高,着力于创新思维开发和中国文化素养的提升。 |
| ● |
| 相关链接 |
|
|
|
正题名:大学生写作能力教程
索取号:H15/W384
 
预约/预借
| 序号 | 登录号 | 条形码 | 馆藏地/架位号 | 状态 | 备注 |
| 1 | 299205 | 202992057 | 语言库209/209语言库 74排1列2层/ [索取号:H15/W384] | 在馆 | |
| 2 | 299206 | 202992066 | 语言库209/209语言库 74排1列2层/ [索取号:H15/W384] | 在馆 | |
| 3 | 299207 | 202992075 | 语言库209/209语言库 74排1列2层/ [索取号:H15/W384] | 在馆 |